书目信息 |
| 题名: |
无机化工生产技术与操作
|
|
| 作者: | 颜鑫 主编 | |
| 分册: | ||
| 出版信息: | 北京 化学工业出版社 2015.9 |
|
| 页数: | 284页 | |
| 开本: | 26cm | |
| 丛书名: | ||
| 单 册: | ||
| 中图分类: | TQ110.6 | |
| 科图分类: | ||
| 主题词: | 无机化工--生产技术--职业教育--教材 | |
| 电子资源: | ||
| ISBN: | 978-7-122-20596-4 | |
| 000 | 00889nam0 2200265 450 | |
| 001 | 0400003053 | |
| 005 | 20171026092457.25 | |
| 010 | @a978-7-122-20596-4@dCNY38.00 | |
| 100 | @a20160109d2015 em y0chiy50 ea | |
| 101 | 0 | @achi |
| 102 | @aCN@b110000 | |
| 105 | @ay z 000yy | |
| 106 | @ar | |
| 200 | 1 | @a无机化工生产技术与操作@9wu ji hua gong sheng chan ji shu yu cao zuo@f颜鑫主编 |
| 205 | @a第2版 | |
| 210 | @a北京@c化学工业出版社@d2015.9 | |
| 215 | @a284页@d26cm | |
| 300 | @a“十二五”职业教育国家规划教材 高职高专教材 | |
| 320 | @a有书目(第284页) | |
| 330 | @a本书主要内容包括:合成氨、化学肥料、硫酸与硝酸、纯碱与烧碱、主要无机盐五个模块,涉及十几种典型无机化工产品的生产技术与操作。 | |
| 606 | 0 | @a无机化工@x生产技术@x职业教育@j教材 |
| 690 | @aTQ110.6@v5 | |
| 701 | 0 | @a颜鑫@9yan xin@4主编 |
| 801 | 0 | @aCN@b91MARC@c20171021 |
| 905 | @b1033226-30@dTQ110.6@f5@e36=2 | |
| 无机化工生产技术与操作/颜鑫主编.-第2版.-北京:化学工业出版社,2015.9 |
| 284页;26cm |
| “十二五”职业教育国家规划教材 高职高专教材 |
| ISBN 978-7-122-20596-4:CNY38.00 |
| 本书主要内容包括:合成氨、化学肥料、硫酸与硝酸、纯碱与烧碱、主要无机盐五个模块,涉及十几种典型无机化工产品的生产技术与操作。 |
| ● |
| 相关链接 |
|
|
|
|
正题名:无机化工生产技术与操作
索取号:TQ110.6/36=2
 
预约/预借
| 序号 | 登录号 | 条形码 | 馆藏地/架位号 | 状态 | 备注 |
| 1 | 1033226 | 210332264 | 第二样本阅览室/ [索取号:TQ110.6/36=2] | 在馆 | |
| 2 | 1033227 | 210332273 | 密集书库-化学系/ [索取号:TQ110.6/36=2] | 在馆 | |
| 3 | 1033228 | 210332282 | 第三借阅区/ [索取号:TQ110.6/36=2] | 在馆 | |
| 4 | 1033229 | 210332291 | 第三借阅区/ [索取号:TQ110.6/36=2] | 在馆 | |
| 5 | 1033230 | 210332308 | 第三借阅区/ [索取号:TQ110.6/36=2] | 在馆 |